Statistiken für Stadien Bayerns

Klicken Sie hier um das Quiz zu spielen!

Allgemein

  • Dieses Quiz wurde 135 mal gespielt
    (124 seit der letzten Aktualisierung)
  • Das Durchschnittsergebnis liegt bei 10 aus 17

Antwortstatistiken

HintAntwort% Korrekt
Allianz-ArenaFC Bayern München
100%
JahnstadionJahn Regensburg
92%
WWK-ArenaFC Augsburg
91%
Max-Morlock-Stadion1. FC Nürnberg
88%
Sportpark UnterhachingSpvgg Unterhaching
88%
Audi-SportparkFC Ingolstadt
86%
Grünwalder StadionTSV 1860 München/FC Bayern München II/Türkgücü München
85%
Sportpark RonhofGreuther Fürth
72%
Wacker-ArenaWacker Burghausen
68%
Hans-Walter-Wild-StadionSpvgg Bayreuth
49%
DallenbergstadionWürzburger Kickers
45%
Sachs-Stadion1. FC Schweinfurt
42%
Stadion am SchönbuschViktoria Aschaffenburg
37%
Stadion Grüne AuSpVgg Bayern Hof
28%
VöhlinstadionFV Illertissen
17%
SMR-ArenaTSV Buchbach
10%
NGN-ArenaTSV Aubstadt
9%

Verteilung der Resultate

Perzentil nach korrekt beantworteten Fragen

Anzahl Personen mit jedem Resultat

Ihre Resultats-Entwicklung

Sie haben dieses Quiz seit der letzten Aktualisierung nicht gespielt